You wouldn’t want to be an Egyptian mummy! : (Record no. 33986)
[ view plain ]
| 000 -LEADER | |
|---|---|
| fixed length control field | 00909nam a22002537a 4500 |
| 003 - CONTROL NUMBER IDENTIFIER | |
| control field | OSt |
| 005 - DATE AND TIME OF LATEST TRANSACTION | |
| control field | 20140310184354.0 |
| 008 - FIXED-LENGTH DATA ELEMENTS--GENERAL INFORMATION | |
| fixed length control field | 131007t xxu||||| |||| 00| 0 eng d |
| 020 ## - INTERNATIONAL STANDARD BOOK NUMBER | |
| International Standard Book Number | 043928368X |
| 050 ## - LIBRARY OF CONGRESS CALL NUMBER | |
| Classification number | DT 62.M7 |
| Item number | .St833 2001 |
| 100 ## - MAIN ENTRY--PERSONAL NAME | |
| Personal name | Stewart, David, |
| Dates associated with a name | 1954- |
| 9 (RLIN) | 25407 |
| 245 ## - TITLE STATEMENT | |
| Title | You wouldn’t want to be an Egyptian mummy! : |
| Remainder of title | disgusting things you’d rather not know / |
| Statement of responsibility, etc | written by David Stewart ; created and designed by David Salariya; illustrated by David Antram. |
| 260 ## - PUBLICATION, DISTRIBUTION, ETC. (IMPRINT) | |
| Place of publication, distribution, etc | New York : |
| Name of publisher, distributor, etc | Scholastic Inc., |
| Date of publication, distribution, etc | 2001 |
| 300 ## - PHYSICAL DESCRIPTION | |
| Extent | 32 p. : |
| Other physical details | col. ill. ; |
| Dimensions | 24 cm. |
| 520 ## - SUMMARY, ETC. | |
| Summary, etc | A light-hearted approach to the process of mummification in ancient Egypt. |
| 521 ## - TARGET AUDIENCE NOTE | |
| Target audience note | |
| 526 ## - STUDY PROGRAM INFORMATION NOTE | |
| Reading level | 950 |
| 562 ## - COPY AND VERSION IDENTIFICATION NOTE | |
| Number of copies | 1 |
| 650 ## - SUBJECT ADDED ENTRY--TOPICAL TERM | |
| Topical term or geographic name as entry element | Mummies |
| General subdivision | Egypt |
| -- | Juvenile literature. |
| 9 (RLIN) | 25408 |
| 650 ## - SUBJECT ADDED ENTRY--TOPICAL TERM | |
| Topical term or geographic name as entry element | Mummies |
| 9 (RLIN) | 10581 |
| 650 ## - SUBJECT ADDED ENTRY--TOPICAL TERM | |
| Topical term or geographic name as entry element | Egypt |
| General subdivision | Antiquities. |
| 9 (RLIN) | 25409 |
| 942 ## - ADDED ENTRY ELEMENTS (KOHA) | |
| Source of classification or shelving scheme | Library of Congress Classification |
| Koha item type | |
| Withdrawn status | Lost status | Source of classification or shelving scheme | Damaged status | Home library | Current library | Shelving location | Date acquired | Total Checkouts | Full call number | Barcode | Date last seen | Copy number | Price effective from | Koha item type |
|---|---|---|---|---|---|---|---|---|---|---|---|---|---|---|
| Library of Congress Classification | Luxembourg Library | Luxembourg Library | Scholastic Reading Center Section | 10/07/2013 | DT 62.M7 .St833 2001 | LEX0347 | 04/18/2017 | 1 | 10/07/2013 | Books |